[Event "Ricany op-A"]
[Site "Ricany"]
[Date "2019.08.31"]
[Round "9"]
[White "Rodshtein, Tereza"]
[Black "Dunder, Ondrej"]
[Result "1-0"]
[WhiteElo "2208"]
[BlackElo "1717"]
[PlyCount "107"]
[EventDate "2019.08.24"]
[EventType "swiss"]
[EventRounds "9"]
[EventCountry "CZE"]
[SourceTitle "EXT 2020"]
[Source "ChessBase"]
[SourceDate "2019.10.17"]
[SourceVersion "1"]
[SourceVersionDate "2019.10.17"]
[SourceQuality "1"]

1. e4 d5 2. exd5 Qxd5 3. Nc3 Qa5 4. d4 Nf6 5. Nf3 c6 6. Bc4 Bf5 7. Bd2 e6 8. Nd5 Qd8 9. Nxf6+ Qxf6 10. Bc3 Qd8 11. Qe2 Be7 12. 0-0 0-0 13. Rad1 Nd7 14. Ne5 Qc7 15. g4 Bg6 16. f4 Nxe5 17. dxe5 b5 18. Bb3 Qb6+ 19. Bd4 c5 20. Be3 Be4 21. c4 b4 22. Rd7 Rfe8 23. Ba4 Rad8 24. Rfd1 Rxd7 25. Rxd7 a5 26. Qd2 Bc6 27. Rxe7 Rxe7 28. Qd6 Rd7 29. Qxc6 Qxc6 30. Bxc6 Rc7 31. Ba4 Kf8 32. Kf2 Ke7 33. Kf3 g6 34. f5 Kd8 35. Kf4 Ke7 36. f6+ Kf8 37. Ke4 Rc8 38. Kd3 Rc7 39. Kc2 Rc8 40. Bd7 Rc7 41. Bb5 a4 42. Bxa4 h5 43. gxh5 gxh5 44. a3 bxa3 45. bxa3 Kg8 46. Kb2 Kh7 47. Bd1 h4 48. Kc3 Kg6 49. Bc2+ Kh5 50. h3 Rc8 51. Be4 Rc7 52. a4 Ra7 53. Kb3 Rxa4 54. Bf3+ 1-0

[Event "CZE-chT U20 Extraliga West 1415"]
[Site "Czech Republic"]
[Date "2015.01.24"]
[Round "7.6"]
[White "Dunder, Ondrej"]
[Black "Soukup, Jiri1111"]
[Result "1/2-1/2"]
[WhiteElo "1470"]
[BlackElo "1482"]
[PlyCount "73"]
[EventDate "2014.10.11"]
[EventType "team-tourn"]
[EventRounds "11"]
[EventCountry "CZE"]
[SourceTitle "EXT 2021"]
[Source "ChessBase"]
[SourceDate "2020.10.23"]
[SourceVersion "1"]
[SourceVersionDate "2020.10.23"]
[SourceQuality "1"]
[WhiteTeam "Praha Bohemians (U20)"]
[BlackTeam "Bustehrad (U20)"]
[WhiteTeamCountry "CZE"]
[BlackTeamCountry "CZE"]

1. Nf3 d5 2. d4 Nf6 3. Bf4 Bg4 4. e3 e6 5. Be2 c5 6. Ne5 Bxe2 7. Qxe2 Qb6 8. c3 Nc6 9. 0-0 Be7 10. a4 0-0 11. a5 Qd8 12. a6 Qb6 13. Bg5 Rad8 14. axb7 Qxb7 15. Qa6 Qxa6 16. Rxa6 Nb8 17. Rxa7 Bd6 18. Nd3 c4 19. Ne5 Nbd7 20. f4 h6 21. Bxf6 Nxf6 22. Nc6 Rc8 23. Ra6 Ne4 24. Rd1 Ra8 25. Rxa8 Rxa8 26. Nd2 Nxd2 27. Rxd2 Ra6 28. Ne5 Bxe5 29. fxe5 Rb6 30. Kf2 Kh7 31. Kf3 Kg6 32. Kf4 f5 33. exf6 Kxf6 34. g4 g5+ 35. Kf3 Kg7 36. h3 Kg6 37. Kg2 1/2-1/2